NPB 日本プロ野球 FA移籍者 - Statistics

General Stats
  • This quiz has been taken 650 times
    34 since last reset
  • The average score is 43 of 113
Answer Stats
移籍元 移籍先 補償 氏名 % Correct
2023 埼玉西武 福岡ソフトバンク 甲斐野央 山川穂高
91%
2025 東北楽天 読売 田中千晴 則本昂大
91%
2023 広島 オリックス 日髙暖己 西川龍馬
87%
2024 福岡ソフトバンク 読売 伊藤優輔 甲斐拓也
87%
2025 横浜DeNA 埼玉西武 古市尊 桑原将志
87%
2025 北海道日本ハム 読売 金銭 松本剛
87%
2022 北海道日本ハム 福岡ソフトバンク 田中正義 近藤健介
83%
2024 福岡ソフトバンク 千葉ロッテ 石川柊太
83%
2024 広島 オリックス 金銭 九里亜蓮
83%
2025 北海道日本ハム 埼玉西武 石井一成
83%
2022 埼玉西武 オリックス 張奕 森友哉
78%
2022 オリックス 北海道日本ハム 伏見寅威
78%
2018 広島 読売 長野久義 丸佳浩
74%
2022 横浜DeNA 福岡ソフトバンク 嶺井博希
74%
2023 オリックス 北海道日本ハム 山﨑福也
74%
2024 東北楽天 東京ヤクルト 小森航大郎 茂木栄五郎
74%
2021 中日 福岡ソフトバンク 岩嵜翔 又吉克樹
70%
2024 中日 北海道日本ハム 福谷浩司
70%
2018 埼玉西武 東北楽天 金銭 浅村栄斗
65%
2018 オリックス 阪神 竹安大知 西勇輝
65%
2020 横浜DeNA 読売 田中俊太 梶谷隆幸
65%
2025 横浜DeNA 東北楽天 伊藤光
65%
2016 横浜DeNA 読売 平良拳太郎 山口俊
61%
2018 埼玉西武 読売 内海哲也 炭谷銀仁朗
61%
2016 埼玉西武 東北楽天 金銭 岸孝之
57%
2019 東北楽天 千葉ロッテ 酒居知史 美馬学
57%
2019 千葉ロッテ 東北楽天 小野郁 鈴木大地
57%
2019 福岡ソフトバンク 千葉ロッテ 福田秀平
57%
2017 阪神 横浜DeNA 尾仲祐哉 大和
52%
2017 北海道日本ハム 中日 金銭 大野奨太
52%
1993 中日 読売 金銭 落合博満
48%
2007 広島 阪神 赤松真人 新井貴浩
48%
2011 横浜 読売 藤井秀悟 村田修一
48%
2016 オリックス 阪神 金田和之 糸井嘉男
48%
2020 横浜DeNA 読売 井納翔一
48%
2007 西武 中日 岡本真也 和田一浩
43%
2013 広島 読売 一岡竜司 大竹寛
43%
1993 読売 横浜 金銭 駒田徳広
39%
1994 西武 福岡ダイエー 金銭 工藤公康
39%
2002 広島 阪神 金銭 金本知憲
39%
2005 中日 読売 小田幸平 野口茂樹
39%
2016 北海道日本ハム 読売 金銭 陽岱鋼
39%
1999 広島 読売 金銭 江藤智
35%
2001 横浜 中日 金銭 谷繁元信
35%
2004 ヤクルト 北海道日本ハム 金銭 稲葉篤紀
35%
2008 横浜 東京ヤクルト 金銭 相川亮二
35%
2013 埼玉西武 読売 脇谷亮太 片岡治大
35%
2013 埼玉西武 千葉ロッテ 中郷大樹 涌井秀章
35%
2015 広島 埼玉西武 木村昇吾
35%
2016 福岡ソフトバンク 読売 森福允彦
35%
2017 福岡ソフトバンク 北海道日本ハム 鶴岡慎也
35%
1993 阪神 福岡ダイエー 金銭 松永浩美
30%
1996 西武 読売 金銭 清原和博
30%
2004 大阪近鉄 福岡ソフトバンク 金銭 大村直之
30%
2006 北海道日本ハム 読売 金銭 小笠原道大
30%
2008 中日 東北楽天 中村紀洋
30%
2010 横浜 福岡ソフトバンク 金銭 内川聖一
30%
2013 読売 中日 小笠原道大
30%
2015 埼玉西武 読売 脇谷亮太
30%
2017 埼玉西武 読売 高木勇人 野上亮磨
30%
1994 広島 読売 金銭 川口和久
26%
1999 福岡ダイエー 読売 金銭 工藤公康
26%
2000 ヤクルト 中日 金銭 川崎憲次郎
26%
2001 日本ハム 阪神 金銭 片岡篤史
26%
2003 福岡ダイエー オリックス 金銭 村松有人
26%
2006 読売 福岡ソフトバンク 吉武真太郎 小久保裕紀
26%
2007 東京ヤクルト 埼玉西武 福地寿樹 石井一久
26%
2010 北海道日本ハム 横浜 金銭 森本稀哲
26%
2011 福岡ソフトバンク 読売 金銭 杉内俊哉
26%
2011 読売 千葉ロッテ 高口隆行 大村三郎
26%
2013 阪神 横浜DeNA 鶴岡一成 久保康友
26%
2013 北海道日本ハム 福岡ソフトバンク 藤岡好明 鶴岡慎也
26%
2014 千葉ロッテ 東京ヤクルト 金銭 成瀬善久
26%
2014 東京ヤクルト 読売 奥村展征 相川亮二
26%
2015 千葉ロッテ 東北楽天 金銭 今江敏晃
26%
1994 ヤクルト 読売 金銭 広沢克己
22%
1998 福岡ダイエー 中日 金銭 武田一浩
22%
2002 福岡ダイエー 横浜 金銭 若田部健一
22%
2010 東北楽天 阪神 藤井彰人
22%
2010 千葉ロッテ 阪神 髙濱卓也 小林宏之
22%
2011 埼玉西武 福岡ソフトバンク 金銭 帆足和幸
22%
2012 阪神 オリックス 高宮和也 平野恵一
22%
2014 北海道日本ハム 東京ヤクルト 金銭 大引啓次
22%
2015 中日 阪神 髙橋聡文
22%
2017 北海道日本ハム オリックス 金銭 増井浩俊
22%
1993 オリックス 阪神 金銭 石嶺和彦
17%
1994 オリックス 阪神 金銭 山沖之彦
17%
1999 オリックス 阪神 金銭 星野伸之
17%
2005 西武 読売 江藤智 豊田清
17%
2008 阪神 横浜 野口寿浩
17%
2009 阪神 東京ヤクルト 藤本敦士
17%
2009 千葉ロッテ 横浜 橋本将
17%
2010 埼玉西武 福岡ソフトバンク 金銭 細川亨
17%
2012 オリックス 福岡ソフトバンク 馬原孝浩 寺原隼人
17%
2013 中日 福岡ソフトバンク 中田賢一
17%
2014 北海道日本ハム オリックス 小谷野栄一
17%
2014 横浜DeNA 読売 金城龍彦
17%
1994 西武 福岡ダイエー 金銭 石毛宏典
13%
1994 近鉄 中日 金銭 金村義明
13%
1997 オリックス 西武 金銭 中嶋聡
13%
2001 中日 読売 平松一宏 前田幸長
13%
2006 横浜 読売 工藤公康 門倉健
13%
2009 北海道日本ハム 読売 藤井秀悟
13%
2011 読売 横浜DeNA 鶴岡一成
13%
2011 埼玉西武 オリックス 許銘傑
13%
2011 中日 横浜DeNA 小池正晃
13%
2012 オリックス 阪神 日高剛
13%
1995 日本ハム 読売 川邉忠義 河野博文
9%
1995 阪神 千葉ロッテ 金銭 仲田幸司
9%
1996 千葉ロッテ 福岡ダイエー 金銭 田村藤夫
9%
1997 近鉄 福岡ダイエー 金銭 山崎慎太郎
9%
2001 オリックス 大阪近鉄 ユウキ 加藤伸一
9%
2013 福岡ソフトバンク オリックス 山崎勝己
9%
No matching quizzes found
Score Distribution
Percent of People with Each Score
Percentile by Number Answered
Your Score History
You have not taken this quiz since the last reset